| 000 | 00404nam a22001457a 4500 | ||
|---|---|---|---|
| 020 | _qHB. | ||
| 040 | _cFizza Ishaq | ||
| 082 |
_a954.9205 _bCOL |
||
| 100 |
_alessenberry, d-d. _9134311 |
||
| 245 |
_aCollege typewriting Complete course / _cd-d-lessenberry. |
||
| 250 | _a9th Ed. | ||
| 260 |
_aNew York : _bSouth-western Pub. Co, _c1975. |
||
| 300 |
_a191 p, ; _c11.2 x 8.5 x 1 inches |
||
| 942 |
_2ddc _cBK |
||
| 999 |
_c617285 _d617285 |
||